000 00401nam a2200181Ia 4500
005 20240823011644.0
008 240823s9999||||xx |||||||||||||| ||und||
041 _aENGLISH
082 _A005.43 M6
100 _a"Tobias,Andrew"
245 0 _aManaging Your Money
250 _a1st
260 _bUser's M
500 _aYES
650 _aMoney
_bComputer Science
942 _cBK
999 _c162160
_d162160